000
00322nam a22001457a 4500
003
SGT
082
_a
370
_b
C14A
100
_a
AWASTHI, S.K.
245
_a
CHILDHOOD, HEREDITARY AND MENTAL DEVELOPMENT
250
_a
2ND
260
_a
NEW DELHI
_b
GLOBAL PUB
_c
2014
300
_a
272
650
_a
EDUCATION
942
_2
ddc
_c
BK
999
_c
11689
_d
11689